KÜÇÜK VAMPİR BEKLENMEDİK GELİŞME (Kayıt no. 1002919)

MARC ayrıntıları
000 -LEADER
sabit uzunluktaki kontrol alanı 00269nam a2200097Ia 4500
001 - KONTROL NUMARASI
kontrol alanı 1002919
005 - EN SON İŞLEMİN TARİH VE ZAMANI
kontrol alanı 20250826230439.0
008 - SABİT-UZUNLUKTA VERİ ÖĞELERİ--GENEL BİLGİ
sabit uzunluktaki kontrol alanı 250824s9999 xx 000 0 und d
245 #0 - ESER / YAZAR
ESER ADI KÜÇÜK VAMPİR BEKLENMEDİK GELİŞME
Yazar Adı ANGELA SOMMER
260 ## - YAYIN, DAĞITIM, VB.
YAYIN EVİ HEP KİTAP YAYINLARI
Mevcut
Düşüm durumu Kayıp durumu Hasar Durumu Ödünç verilmez Ana kütüphane Geçerli Kütüphane Edinilen tarih Toplam ödünç verme sayısı Barkod Son görüntüleme tarihi Fiyatın geçerli olmaya başladığı tarih Koha materyal türü
        ZEKİ ALTINDAĞ İLKOKULU ZEKİ ALTINDAĞ İLKOKULU 24.08.2025   1076358 26.08.2025 26.08.2025 Kitaplar
Gemini Bilgi Teknolojileri A.Ş. tarafından düzenlenmiştir.